Al fin del día (Record no. 186277)

MARC details
000 -LEADER
campo de control de longitud fija 00906nam a2200241 i 4500
001 - NÚMERO DE CONTROL
campo de control 186277
003 - IDENTIFICADOR DE NÚMERO DE CONTROL
campo de control SpMaBN
005 - FECHA Y HORA DE LA ÚLTIMA TRANSACCIÓN
campo de control 20231204120533.0
008 - DATOS DE LONGITUD FIJA--INFORMACIÓN GENERAL
campo de control de longitud fija 161003s2013 sp |||| | spa d
020 ## - NÚMERO INTERNACIONAL ESTÁNDAR DEL LIBRO
Número Internacional Estándar del Libro 978-84-92705-25-2
080 ## - NÚMERO DE LA CLASIFICACIÓN DECIMAL UNIVERSAL
Número de la Clasificación Decimal Universal 821.134.2(83)-14"19"
100 1# - ENTRADA PRINCIPAL--NOMBRE DE PERSONA
Nombre de persona Lastra, Pedro.
9 (RLIN) 150088
245 10 - MENCIÓN DEL TÍTULO
Título Al fin del día
Resto del título : 1958-2013 : [poesía completa] /
Mención de responsabilidad, etc. Pedro Lastra ; prólogo y edición de Francisco José Cruz.
260 ## - PUBLICACIÓN, DISTRIBUCIÓN, ETC.
Lugar de publicación, distribución, etc. Sevilla :
Nombre del editor, distribuidor, etc. Sibilina,
Fecha de publicación, distribución, etc. [2013]
300 ## - DESCRIPCIÓN FÍSICA
Extensión 159 p. ;
Dimensiones 21 cm.
490 1# - MENCIÓN DE SERIE
Mención de serie Biblioteca Sibila-Fundación BBVA de poesía en español ;
Designación de volumen o secuencia 36
700 1# - ENTRADA AGREGADA--NOMBRE PERSONAL
Nombre de persona Cruz Pérez, Francisco José.
9 (RLIN) 41842
830 0# - PUNTO DE ACCESO ADICIONAL DE SERIE-TÍTULO UNIFORME
Título uniforme Biblioteca Sibila-Fundación BBVA de poesía en español ;
Designación de volumen o secuencia 36
9 (RLIN) 191809
852 ## - LOCALIZACIÓN
Ubicación ES-MaACL
Número de control de estantería A-13886
itemnumber 193332
Sublocalización o colección R.151162
Ubicación en estantería Depósito 1
Signatura antigua Olim: N-6886
942 ## - ELEMENTOS DE ENTRADA SECUNDARIOS (KOHA)
Fuente del sistema de clasificación o colocación Clasificación decimal universal
Tipo de ítem Koha Libro impreso
Holdings
Estatus retirado Estado de pérdida Fuente del sistema de clasificación o colocación Estado de daño No para préstamo Biblioteca de origen Biblioteca actual Ubicación en estantería Fecha de adquisición Fuente de adquisición Total de préstamos Signatura topográfica completa Código de barras Visto por última vez Precio de reemplazo Tipo de ítem Koha
    Clasificación decimal universal     Biblioteca del Ateneo de Madrid Biblioteca del Ateneo de Madrid Depósito 1 03/10/2016 Donación   A-13886 1196409 23/02/2023 23/02/2023 Libro impreso